000 00361nam a22001697a 4500
003 UA-OsUOA
001 2720
007 ta
008 20050721b un ||||| |||| 00| 0 ukr d
100 _aBoegehold
700 _aBetty
942 _cBK
040 _aUA-OsUOA
_cUA-OsUOA
_dUA-OsUOA
245 _aThree to get ready.
_bChildren Lit.
955 _a2
650 7 _2UDC
999 _c288882
_d288882